Statistics for Geography of the Philippines

Click here to take the quiz!

General Stats

  • This quiz has been taken 106 times
  • The average score is 13 of 20

Answer Stats

QuestionAnswer% Correct
What is the capital of the Philippines?Manila
100%
What is the largest and most populous island of the Philippines?Luzon
93%
What is the first language of a quarter of the population of the Philippines?Tagalog
90%
What is the most populous city in the metropolitan area of the above?{Quezon} City
85%
What is the name of the standardized form of the above?Filipino
84%
What island is home most of the Muslims in the Philippines?Mindanao
81%
What type of natural disaster struck in 2013?Typhoon
79%
What sea is located between the Philippines and Vietnam?{South} {China} Sea
74%
What famous group of hills turn brown in the dry season?{Chocolate} Hills
73%
What major volcano famously erupted in 1991?Mount Pinatubo
67%
What is the second most populous urban area in the Philippines?Cebu
62%
On what island are those hills located?Bohol
60%
What is the name of the middle island group of the three island groups of the Philippines?Visayas
58%
What is the most populous urban area of the above?Davao
49%
What is the name of the three-letter mountain that contains country's highest point?Mount {Apo}
48%
What is the staple of the Philippines?Rice
47%
What major island is known as the "The Last Frontier" - because of its location on the
southwestern edge of the Philippine archipelago?
Palawan
41%
Bacolod is the most populous urban area of what major island?Negros
41%
What sea is located between southern Philippines and Indonesia?{Celebes} Sea
38%
What sea is surrounded by the Philippines on three sides and by Borneo on one side?{Sulu} Sea
32%

Score Distribution

Percentile by Number Answered

Percent of People with Each Score

Your Score History

You have not taken this quiz